[Event "Excaliburs-Aces"]
[Site "?"]
[Date "2002.05.18"]
[Round "2.4"]
[White "Kogan, Greg"]
[Black "Allen, H."]
[Result "0-1"]
[WhiteElo "1838"]
[BlackElo "1947"]
[PlyCount "74"]
[EventDate "2002.??.??"]

1. e4 c5 2. Nf3 d6 3. Bc4 e6 4. Nc3 Nf6 5. d4 cxd4 6. Nxd4 Nc6 7. Bg5 Be7 8.
Qd2 h6 9. Bh4 Ne5 10. Bb5+ Bd7 11. O-O-O a6 12. Bxd7+ Nexd7 13. f4 O-O 14. Nf3
Ne8 15. Bxe7 Qxe7 16. f5 Nb6 17. Qd4 Qc7 18. Qf2 Rc8 19. Nd4 e5 20. Nf3 Nf6 21.
Rd2 Nc4 22. Nd5 Nxd5 23. Rxd5 b5 24. Nd2 Nxb2 25. Nb3 Nc4 26. Rhd1 Ne3 27. R1d2
Nxd5 28. Rxd5 Rfd8 29. g4 Qc4 30. Kb1 Qxe4 31. Rd3 f6 32. h3 Rc6 33. Rd2 Rdc8
34. Na5 Qb4+ 35. Nb3 a5 36. Kb2 a4 37. a3 Qc3+ 0-1

[Event "Aces-Excaliburs"]
[Site "?"]
[Date "2002.05.18"]
[Round "2.5"]
[White "Czerniecki, A."]
[Black "Sullivan, Jim"]
[Result "0-1"]
[WhiteElo "1948"]
[BlackElo "1739"]
[PlyCount "79"]
[EventDate "2002.??.??"]

1. e4 c5 2. Nf3 Nc6 3. g3 d6 4. Bg2 g6 5. O-O Bg7 6. d3 Nf6 7. Nbd2 a6 8. a4
O-O 9. c3 Rb8 10. Re1 Qc7 11. Nc4 b5 12. Ne3 Nd7 13. Nd5 Qd8 14. Bg5 f6 15. Be3
e6 16. Nf4 Qe7 17. d4 Nb6 18. axb5 axb5 19. dxc5 dxc5 20. Nd3 Rd8 21. Qe2 c4
22. Nf4 Na4 23. Rxa4 bxa4 24. Qxc4 Ne5 25. Qa2 Nxf3+ 26. Bxf3 Kh8 27. Bg4 f5
28. exf5 gxf5 29. Bf3 Qe8 30. Ba7 Rb3 31. Bd1 Rb7 32. Bc5 Qc6 33. Bb4 Rxb4 34.
cxb4 Bb7 35. f3 Bd4+ 36. Kg2 e5 37. Ne6 Rd6 38. Nxd4 Rxd4 39. Qf7 Rd2+ 40. Kh1
{White flagged} 0-1

[Event "Excaliburs-Aces"]
[Site "?"]
[Date "2002.05.18"]
[Round "2.6"]
[White "Weitz, Ron"]
[Black "Frank, Mark"]
[Result "1-0"]
[WhiteElo "1640"]
[BlackElo "1756"]
[PlyCount "71"]
[EventDate "2002.??.??"]

1. e4 e6 2. d4 d5 3. e5 c5 4. c3 Nc6 5. Nf3 Nge7 6. Bd3 Qb6 7. O-O cxd4 8. cxd4
Nxd4 9. Nxd4 Bd7 10. Nf3 Ng6 11. Qe2 Bc5 12. Nc3 a6 13. b3 Rc8 14. Bd2 O-O 15.
Na4 Bxa4 16. bxa4 Rc6 17. Rab1 Qc7 18. Bxg6 hxg6 19. Bb4 Bxb4 20. Rxb4 Rc2 21.
Qe3 Rxa2 22. Qb3 Rc2 23. Rxb7 Qc5 24. Qb6 Qc4 25. a5 Rc8 26. Rb8 Qc7 27. Rxc8+
Qxc8 28. h3 Rc6 29. Qb2 Rc2 30. Qb1 Qc7 31. Qb6 Qxb6 32. axb6 Rb2 33. Rc1 Rxb6
34. Rc8+ Kh7 35. Ng5+ Kh6 36. Nxf7+ 1-0

[Event "Aces-Excaliburs"]
[Site "?"]
[Date "2002.05.18"]
[Round "2.7"]
[White "Franek, Marty"]
[Black "Suerth, Frank"]
[Result "1-0"]
[WhiteElo "1723"]
[BlackElo "1508"]
[PlyCount "47"]
[EventDate "2002.??.??"]

1. d4 d5 2. c4 Nf6 3. cxd5 Nxd5 4. Nf3 Bg4 5. e3 e6 6. Be2 Nd7 7. O-O Bd6 8. h3
Bh5 9. Nbd2 c5 10. Nc4 Qc7 11. Nxd6+ Qxd6 12. e4 Nf4 13. Bb5 cxd4 14. Bxf4 e5
15. Bxd7+ Kxd7 16. Nxe5+ Kc7 17. Qxh5 g6 18. Nxg6 fxg6 19. Bxd6+ Kxd6 20. Qd5+
Kc7 21. Rfc1+ Kb6 22. a4 a5 23. Qb5+ Ka7 24. Rc7 1-0

[Event "UOP-Knights"]
[Site "?"]
[Date "2002.05.18"]
[Round "2.1"]
[White "Stevanovic, Mike"]
[Black "Fridman, Yuri"]
[Result "1/2-1/2"]
[WhiteElo "2246"]
[BlackElo "2081"]
[PlyCount "84"]
[EventDate "2002.??.??"]

1. Nc3 d5 2. e4 d4 3. Nce2 c5 4. Ng3 Nc6 5. Bc4 g6 6. d3 Bg7 7. Bd2 Nf6 8. N1e2
O-O 9. a3 e5 10. O-O Qd6 11. f4 Be6 12. fxe5 Nxe5 13. Bxe6 Qxe6 14. h3 Rfd8 15.
Rf2 Rac8 16. Qf1 Rc6 17. Bg5 Rd7 18. Nf4 Qd6 19. Qe2 h6 20. Bxf6 Bxf6 21. Nf1
c4 22. Nd5 Bh4 23. g3 cxd3 24. cxd3 Bg5 25. Rd1 a5 26. Nh2 Qe6 27. Kg2 h5 28.
Nf3 Nxf3 29. Qxf3 h4 30. g4 Qe5 31. Rdf1 Kg7 32. Re2 Bd8 33. Rff2 Bc7 34. Nxc7
Rdxc7 35. Re1 Rc2 36. Ref1 f6 37. Kh1 R7c6 38. Kg2 Qb5 39. Rxc2 Rxc2+ 40. Kh1
Qe5 41. Rf2 Rc1+ 42. Kg2 b5 1/2-1/2

[Event "Knights-UOP"]
[Site "?"]
[Date "2002.05.18"]
[Round "2.2"]
[White "Thomson, Jim"]
[Black "Buerger, Ed"]
[Result "1-0"]
[WhiteElo "1935"]
[BlackElo "2036"]
[PlyCount "57"]
[EventDate "2002.??.??"]

1. e4 c5 2. d4 cxd4 3. c3 dxc3 4. Nxc3 Nc6 5. Nf3 d6 6. Bc4 Nf6 7. e5 dxe5 8.
Qxd8+ Nxd8 9. Nb5 Rb8 10. Nxe5 e6 11. Be3 Bb4+ 12. Ke2 a6 13. Ba7 axb5 14.
Bxb5+ Bd7 15. Nxd7 Nxd7 16. Bxb8 Nc6 17. Bxc6 bxc6 18. Bf4 Ke7 19. a3 Bc5 20.
Rhc1 Rc8 21. b4 Ba7 22. b5 c5 23. a4 e5 24. Be3 Rb8 25. Rcb1 f5 26. f3 Rb7 27.
a5 Kd6 28. b6 Bb8 29. a6 1-0

[Event "UOP-Knights"]
[Site "?"]
[Date "2002.05.18"]
[Round "2.3"]
[White "Boldingh, Ed"]
[Black "Samelson, Chris"]
[Result "1/2-1/2"]
[WhiteElo "1924"]
[BlackElo "1939"]
[PlyCount "45"]
[EventDate "2002.??.??"]

1. e4 e6 2. d4 d5 3. e5 c5 4. c3 Nc6 5. Nf3 Nge7 6. Bd3 cxd4 7. cxd4 Ng6 8. Nc3
Be7 9. Be3 Nh4 10. O-O Nxf3+ 11. Qxf3 Nb4 12. Be2 Nc2 13. Rac1 Nxe3 14. fxe3
O-O 15. Qh3 f5 16. exf6 Rxf6 17. Rxf6 Bxf6 18. Qg3 Bd7 19. Qd6 Be7 20. Qe5 Bf6
21. Qd6 Be7 22. Qe5 Bf6 23. Qd6 1/2-1/2

[Event "Knights-UOP"]
[Site "?"]
[Date "2002.05.18"]
[Round "2.4"]
[White "Balicki, Jeff"]
[Black "Sacks, Dave"]
[Result "1-0"]
[WhiteElo "1678"]
[BlackElo "1824"]
[PlyCount "49"]
[EventDate "2002.??.??"]

1. e4 d6 2. d4 Nf6 3. Nc3 g6 4. f4 Bg7 5. Nf3 Bg4 6. h3 Bxf3 7. Qxf3 c6 8. Be3
Nbd7 9. e5 Ng8 10. Bc4 d5 11. Bd3 e6 12. g4 Ne7 13. f5 exf5 14. gxf5 gxf5 15.
Bg5 f6 16. Qh5+ Ng6 17. Bh4 O-O 18. Bxf5 Qe8 19. e6 c5 20. O-O-O cxd4 21. Nxd5
Nde5 22. Bg3 Nc6 23. Nf4 Nce7 24. Rxd4 Qb5 25. Bxg6 1-0

[Event "UOP-Knights"]
[Site "?"]
[Date "2002.05.18"]
[Round "2.5"]
[White "Sajbel, Pat"]
[Black "Augsburger, Len"]
[Result "0-1"]
[WhiteElo "1815"]
[BlackElo "1732"]
[PlyCount "74"]
[EventDate "2002.??.??"]

1. c4 Nf6 2. Nc3 d5 3. e3 e6 4. f4 Be7 5. Nf3 O-O 6. Be2 c5 7. d4 Nc6 8. O-O
cxd4 9. exd4 dxc4 10. Bxc4 Qb6 11. Kh1 Rd8 12. Qe2 Nxd4 13. Nxd4 Qxd4 14. Be3
Qd7 15. Rad1 Qc7 16. Nb5 Qb8 17. Bxa7 Rxa7 18. Nxa7 Qxa7 19. Rxd8+ Bxd8 20. Rd1
Bc7 21. Qd2 Bd7 22. Bb5 Bxb5 23. b3 h6 24. Rc1 Ne4 25. Qc2 Nf2+ 26. Kg1 Nd3+
27. Kh1 Nxc1 28. Qxc7 Nd3 29. h3 Qa6 30. a4 Bc6 31. Qd8+ Kh7 32. Qd4 f6 33. f5
e5 34. Qe3 e4 35. Qg3 Be8 36. Qe3 Qc6 37. a5 Qc1+ 0-1

[Event "Knights-UOP"]
[Site "?"]
[Date "2002.05.18"]
[Round "2.6"]
[White "Alfonso"]
[Black "Lechnick, Jay"]
[Result "1/2-1/2"]
[WhiteElo "1595"]
[BlackElo "1764"]
[PlyCount "90"]
[EventDate "2002.??.??"]

1. e4 e6 2. Nf3 d5 3. e5 c5 4. d4 cxd4 5. Nxd4 a6 6. c4 Ne7 7. Nc3 Qc7 8. Qe2
dxc4 9. Qxc4 Qxe5+ 10. Be3 Nbc6 11. O-O-O Bd7 12. Nf3 Qc7 13. Bf4 Qc8 14. Be2
Ng6 15. Bg3 Nb4 16. Rd2 Bc6 17. Rhd1 Nd5 18. Nxd5 Bxd5 19. Qxc8+ Rxc8+ 20. Kb1
Be7 21. h4 Bf6 22. h5 Ne7 23. Ne5 O-O 24. Nd7 Rfe8 25. Nxf6+ gxf6 26. f3 Nc6
27. Bh4 f5 28. g4 fxg4 29. fxg4 Nb4 30. b3 Be4+ 31. Kb2 Rc6 32. Bf6 Nd5 33. Be5
f6 34. Bd4 e5 35. Ba7 Rec8 36. Bc4 Rxc4 37. bxc4 Rxc4 38. Rxd5 Bxd5 39. Rxd5
Rxg4 40. Be3 Rg2+ 41. Rd2 Rg3 42. Bh6 Kf7 43. Rd7+ Ke6 44. Rxb7 Rh3 45. Ra7
Rxh5 1/2-1/2

[Event "Fermilab-Wolverines"]
[Site "?"]
[Date "2002.05.18"]
[Round "2.1"]
[White "Bezzubov, V."]
[Black "Volynskiy, G."]
[Result "0-1"]
[WhiteElo "2242"]
[BlackElo "2547"]
[PlyCount "88"]
[EventDate "2002.??.??"]

1. e4 e5 2. Nf3 Nc6 3. Bb5 f5 4. Bxc6 dxc6 5. O-O fxe4 6. Nxe5 Nf6 7. d4 exd3
8. Re1 Be7 9. Qxd3 Qxd3 10. Nxd3 Bf5 11. Nc3 Bxd3 12. cxd3 Kd7 13. Bf4 Rae8 14.
Ne4 Nd5 15. Bd2 b6 16. Bc3 Bf6 17. Bxf6 gxf6 18. g3 c5 19. a3 a5 20. Kf1 Re6
21. Nc3 Nxc3 22. Rxe6 Kxe6 23. Re1+ Kd6 24. bxc3 b5 25. Re4 Rb8 26. Ke2 b4 27.
cxb4 cxb4 28. axb4 axb4 29. Kd2 c5 30. Kc2 Ra8 31. Kb2 Ra3 32. Re8 Kd7 33. Re3
Kc6 34. d4 Rxe3 35. fxe3 cxd4 36. exd4 Kd5 37. Kb3 Kxd4 38. Kxb4 h5 39. Kb3 Ke3
40. Kc3 Kf3 41. Kd3 Kg2 42. Ke3 Kxh2 43. Kf2 f5 44. Kf3 Kh3 0-1

[Event "Wolverines-Fermilab"]
[Site "?"]
[Date "2002.05.18"]
[Round "2.2"]
[White "Jasaitis, Tony"]
[Black "Speigel, Lenny"]
[Result "1-0"]
[WhiteElo "2131"]
[BlackElo "2014"]
[PlyCount "77"]
[EventDate "2002.??.??"]

1. f4 d5 2. Nf3 Nf6 3. g3 g6 4. Bg2 Bg7 5. O-O O-O 6. d3 c6 7. c3 Qb6+ 8. Kh1
Ng4 9. Qe1 Ne3 10. Bxe3 Qxe3 11. Na3 Qb6 12. Rb1 Nd7 13. e4 e6 14. e5 c5 15. d4
Qa6 16. Rf2 Rb8 17. Bf1 c4 18. Ra1 Qa4 19. Nc2 a6 20. Bg2 Qc6 21. Re2 b5 22. a3
Nb6 23. Qf2 Na4 24. Ne3 Bd7 25. Bf1 Rb7 26. Qg2 Rfb8 27. Qh3 h6 28. Ng4 h5 29.
Nf6+ Kf8 30. Qh4 a5 31. Ng1 Bxf6 32. exf6 b4 33. axb4 axb4 34. cxb4 Rxb4 35. g4
e5 36. gxh5 Bf5 37. hxg6 Ke8 38. Rxe5+ Kd7 39. Re7+ 1-0

[Event "Wolverines-Fermilab"]
[Site "?"]
[Date "2002.05.18"]
[Round "2.4"]
[White "Sagalovsky, L."]
[Black "Gomez, G."]
[Result "1-0"]
[WhiteElo "1985"]
[BlackElo "1752"]
[PlyCount "81"]
[EventDate "2002.??.??"]

1. e4 e5 2. Nf3 Nc6 3. Bb5 a6 4. Bxc6 dxc6 5. O-O Bd6 6. d4 Bg4 7. dxe5 Bxf3 8.
Qxf3 Bxe5 9. Qb3 Rb8 10. Be3 b6 11. f4 Bd4 12. e5 Ne7 13. Qd3 Bxe3+ 14. Qxe3
Nf5 15. Qe4 Qd4+ 16. Qxd4 Nxd4 17. Rf2 O-O 18. c3 Nf5 19. Nd2 Rbd8 20. Re1 Rd3
21. Rfe2 Rfd8 22. Nf3 c5 23. Kf2 g6 24. g4 Ng7 25. Re3 Rxe3 26. Rxe3 c4 27. Nd4
c5 28. Nf3 b5 29. a3 Kf8 30. Ng5 Rd2+ 31. Re2 Rxe2+ 32. Kxe2 h5 33. h3 Ke7 34.
Ke3 hxg4 35. hxg4 Ne6 36. Ne4 Nc7 37. Nxc5 f6 38. Ke4 a5 39. Nb7 a4 40. Nc5
fxe5 41. Kxe5 1-0

[Event "Chargers-Tyros"]
[Site "?"]
[Date "2002.05.18"]
[Round "2.1"]
[White "Warren, Jim"]
[Black "Diaz, Pablo"]
[Result "0-1"]
[WhiteElo "2076"]
[BlackElo "1983"]
[PlyCount "82"]
[EventDate "2002.??.??"]

1. d4 d5 2. c4 c6 3. Nf3 Nf6 4. Nc3 e6 5. e3 Nbd7 6. Bd3 Be7 7. O-O b6 8. cxd5
cxd5 9. Qe2 Bb7 10. Ba6 Qc8 11. Bxb7 Qxb7 12. Bd2 O-O 13. Rac1 Rac8 14. Rfd1 h6
15. h3 Bd6 16. Nb5 Be7 17. Nc3 a6 18. Ne5 Nxe5 19. dxe5 Nd7 20. f4 b5 21. Nb1
Nc5 22. Bb4 Rc6 23. Rc2 Rfc8 24. Rdc1 Nb3 25. Rxc6 Nxc1 26. Rxc8+ Qxc8 27. Qd2
Bxb4 28. Qxb4 Nxa2 29. Qd2 Qc1+ 30. Qxc1 Nxc1 31. Kf1 Kh7 32. Na3 b4 33. Nc2 a5
34. Na1 a4 35. Ke1 Nd3+ 36. Kd2 Nxb2 37. Nc2 Nc4+ 38. Kd3 b3 39. Nd4 Nxe3 40.
Kc3 Nxg2 41. Ne2 Kg6 0-1

[Event "Chargers-Tyros"]
[Site "?"]
[Date "2002.05.18"]
[Round "2.3"]
[White "Dobrovolny, Chuck"]
[Black "Stoltz, Bob"]
[Result "0-1"]
[WhiteElo "1868"]
[BlackElo "1890"]
[PlyCount "60"]
[EventDate "2002.??.??"]

1. e4 c5 2. Nf3 d6 3. d4 cxd4 4. Nxd4 Nf6 5. Nc3 e6 6. Be3 a6 7. f3 Be7 8. Qd2
b5 9. Bd3 Bb7 10. O-O-O Nbd7 11. g4 Nb6 12. Nb3 Rc8 13. Qf2 Nfd7 14. Na5 Ba8
15. Kb1 Rxc3 16. bxc3 Na4 17. Nb3 Nxc3+ 18. Kb2 Nxd1+ 19. Rxd1 O-O 20. Bd4 Qc7
21. g5 Rc8 22. Bxg7 Kxg7 23. e5 Qc3+ 24. Kb1 Nxe5 25. f4 Nc4 26. Bxc4 bxc4 27.
f5 cxb3 28. f6+ Kg8 29. axb3 Be4 30. Rd2 Qxb3+ 0-1

[Event "Tyros-Chargers"]
[Site "?"]
[Date "2002.05.18"]
[Round "2.4"]
[White "Hahne, Dave"]
[Black "Stamm, Vern"]
[Result "1/2-1/2"]
[WhiteElo "1646"]
[BlackElo "1495"]
[PlyCount "109"]
[EventDate "2002.??.??"]

1. d4 b6 2. e4 Bb7 3. Bd3 Nf6 4. f3 e6 5. Ne2 Be7 6. O-O O-O 7. c4 Nc6 8. e5
Ne8 9. a3 g6 10. Nbc3 Ng7 11. Be3 f5 12. Qd2 a5 13. Rac1 Rf7 14. Bb1 Na7 15. d5
Rc8 16. Rfd1 Rf8 17. Ba2 Kf7 18. Qc2 Qe8 19. Kf1 d6 20. f4 Rd8 21. Nd4 h5 22.
Nxe6 Nxe6 23. dxe6+ Kg7 24. Nd5 Bxd5 25. cxd5 Rc8 26. Bc4 dxe5 27. fxe5 f4 28.
Bd4 f3 29. g3 c5 30. Bc3 Bg5 31. Bd2 Bxd2 32. Rxd2 Rf5 33. d6 Qc6 34. Bd5 Qb5+
35. Qc4 Rxe5 36. Qxb5 Nxb5 37. Bc4 Nd4 38. Re1 Rxe1+ 39. Kxe1 Kf6 40. Kf2 Nxe6
41. Kxf3 Nd4+ 42. Kf4 Rd8 43. Rf2 Rxd6 44. Ke4+ Kg5 45. Ke5 Rd7 46. Ba6 Re7+
47. Kd5 Re6 48. b4 cxb4 49. Kxd4 bxa3 50. h4+ Kg4 51. Rg2 Kf3 52. Bb7+ Kg4 53.
Bc8 Kf3 54. Bb7+ Kg4 55. Bc8 1/2-1/2

[Event "Chargers-Tyros"]
[Site "?"]
[Date "2002.05.18"]
[Round "2.5"]
[White "La Forge, Wayne"]
[Black "Smith, Brian"]
[Result "0-1"]
[WhiteElo "1399"]
[BlackElo "1632"]
[PlyCount "90"]
[EventDate "2002.??.??"]

1. c4 g6 2. g3 Bg7 3. Bg2 Nf6 4. Nc3 c5 5. d3 Nc6 6. a3 O-O 7. Rb1 b6 8. b4
cxb4 9. axb4 Bb7 10. Nh3 Rb8 11. Nf4 Nh5 12. Ncd5 Nxf4 13. Bxf4 e5 14. Bd2 Ne7
15. e4 f5 16. Bg5 Bxd5 17. exd5 h6 18. Bd2 d6 19. O-O b5 20. h4 bxc4 21. dxc4
Qc7 22. Qc1 Kh7 23. Qc2 e4 24. Bf4 Nxd5 25. Bxd6 Qxd6 26. Rfd1 Nxb4 27. Qa4 Qc5
28. Bf1 a5 29. Rd7 e3 30. Qa1 exf2+ 31. Kg2 Qc6+ 32. Kxf2 Qxd7 33. Qxa5 Qd4+
34. Kg2 Qe4+ 35. Kh3 Qxb1 (35... Qh1#) 36. Bg2 Ra8 37. Qb5 Ra2 38. Qb7 Qb2 39.
c5 Nd3 40. Qd5 Nf2+ 41. Kh2 Ng4+ 42. Kh3 Ne3 43. Qxa2 Qxa2 44. Bf3 Rc8 (44...
Qc4 {idea of Qxc5 or Qf1+}) 45. c6 Qc2 0-1

[Event "Excaliburs-UOP"]
[Site "?"]
[Date "2002.05.18"]
[Round "3.1"]
[White "Inumerable, Florin"]
[Black "Stevanovic, Mike"]
[Result "0-1"]
[WhiteElo "2289"]
[BlackElo "2246"]
[PlyCount "61"]
[EventDate "2002.??.??"]

1. d4 d6 2. c4 e5 3. e3 Nd7 4. Nf3 g6 5. Be2 Bg7 6. O-O Ne7 7. Nc3 O-O 8. b3 h6
9. Bb2 f5 10. Qc2 e4 11. Nd2 c6 12. f3 d5 13. Ba3 Nf6 14. cxd5 cxd5 15. fxe4
fxe4 16. Nb5 Bd7 17. Qc7 Bxb5 18. Qxd8 Raxd8 19. Bxb5 Rf7 20. Rac1 Nf5 21. Rfe1
Ng4 22. Nf1 a6 23. Be2 Nfxe3 24. Bc5 h5 25. h3 Nxf1 26. hxg4 Ng3 27. Bd1 Bh6
28. Rc3 Bd2 29. Rxg3 Bxe1 30. Rh3 h4 31. g5 {White resigned on move 35} 0-1

[Event "UOP-Excaliburs"]
[Site "?"]
[Date "2002.05.18"]
[Round "3.2"]
[White "Buerger, Ed"]
[Black "Friske, Tom"]
[Result "0-1"]
[WhiteElo "2036"]
[BlackElo "2029"]
[PlyCount "134"]
[EventDate "2002.??.??"]

1. d4 Nf6 2. c4 g6 3. Nc3 d5 4. Nf3 Bg7 5. Bf4 O-O 6. e3 c5 7. dxc5 Qa5 8. Qb3
Nbd7 9. cxd5 Nxd5 10. Rc1 Nxf4 11. exf4 Nxc5 12. Qb5 Qxb5 13. Bxb5 a6 14. Nd5
Ne6 15. Nxe7+ Kh8 16. Ba4 Nxf4 17. Nxc8 Nd3+ 18. Kd2 Nxc1 19. Nb6 Nxa2 20. Nxa8
Rxa8 21. Bb3 Rd8+ 22. Ke2 Nb4 23. Bxf7 Nd3 24. b3 Nf4+ 25. Ke3 Nxg2+ 26. Ke4
Rf8 27. Rg1 Rxf7 28. Rxg2 Rf5 29. Rg5 Rf6 30. Rd5 h6 31. h3 Rb6 32. Rd3 Kg8 33.
Nd2 Kf8 34. Nc4 Re6+ 35. Kd5 Ke7 36. Kc5 Rc6+ 37. Kb4 b6 38. Rd5 Bf6 39. Rd3
Ke6 40. Re3+ Kf7 41. Rf3 Ke8 42. Ne3 Be7+ 43. Ka4 Rf6 44. Rxf6 Bxf6 45. Nd5 Bd8
46. Kb4 Kf7 47. Kc4 Ke6 48. Kd4 g5 49. Ke4 a5 50. Nc3 Be7 51. f3 h5 52. Nd5 Bd8
53. Nc3 Kd6 54. Na2 b5 55. Kd4 Bf6+ 56. Ke4 Kc5 57. Kf5 Bd8 58. Ke4 a4 59. bxa4
bxa4 60. Kd3 a3 61. Kc3 Kd5 62. Kd3 Ke5 63. Ke2 h4 64. Nc3 Ba5 65. Na2 Kf4 66.
Kf2 Bd2 67. Ke2 Kg3 0-1

[Event "Excaliburs-UOP"]
[Site "?"]
[Date "2002.05.18"]
[Round "3.3"]
[White "Sollano, Ely"]
[Black "Boldingh, Ed"]
[Result "1-0"]
[WhiteElo "1983"]
[BlackElo "1924"]
[PlyCount "93"]
[EventDate "2002.??.??"]

1. Nf3 c5 2. c4 Nf6 3. g3 g6 4. Bg2 Bg7 5. O-O O-O 6. Nc3 Nc6 7. d3 d6 8. Rb1
h6 9. a3 e5 10. b4 Bg4 11. bxc5 dxc5 12. h3 Bxf3 13. Bxf3 Qd7 14. Bg2 Rab8 15.
Be3 b6 16. Kh2 Nh5 17. Nd5 Ne7 18. Nxe7+ Qxe7 19. Qc1 Kh7 20. Bf3 Nf6 21. Qc2
Ne8 22. Bg2 f5 23. f4 exf4 24. Bxf4 g5 25. Bc1 Qd6 26. e3 Be5 27. Rf3 Ng7 28.
Bb2 Bxb2 29. Rxb2 Rbd8 30. Rb3 Rf6 31. d4 cxd4 32. exd4 Kh8 33. c5 bxc5 34.
dxc5 Qd2 35. Rf2 Qxc2 36. Rxc2 Rc8 37. c6 Ne6 38. Rd3 f4 39. Rd6 f3 40. Bxf3
Rxf3 41. Rxe6 Rxa3 42. Rxh6+ Kg7 43. Rd6 Ra6 44. Rd7+ Kf6 45. c7 Re6 46. Rd8
Re8 47. Rxe8 1-0

[Event "UOP-Excaliburs"]
[Site "?"]
[Date "2002.05.18"]
[Round "3.4"]
[White "Sacks, David"]
[Black "Kogan, Greg"]
[Result "0-1"]
[WhiteElo "1824"]
[BlackElo "1838"]
[PlyCount "48"]
[EventDate "2002.??.??"]

1. Nf3 d6 2. c4 e5 3. d3 Nf6 4. Nc3 Nc6 5. e3 Be7 6. Be2 O-O 7. Bd2 Be6 8. O-O
d5 9. cxd5 Nxd5 10. a3 f5 11. b4 a6 12. Rc1 Qe8 13. Na4 Rd8 14. Nc5 Bc8 15. Qc2
Kh8 16. e4 Nf4 17. Bxf4 exf4 18. Nxa6 fxe4 19. dxe4 Qg6 20. Rfd1 Bh3 21. g3
fxg3 22. fxg3 Rxd1+ 23. Bxd1 Nd4 24. Qxc7 Qxe4 0-1

[Event "Excaliburs-UOP"]
[Site "?"]
[Date "2002.05.18"]
[Round "3.5"]
[White "Sullivan, Jim"]
[Black "Sajbel, Pat"]
[Result "1-0"]
[WhiteElo "1739"]
[BlackElo "1815"]
[PlyCount "106"]
[EventDate "2002.??.??"]

1. d4 Nf6 2. c4 e6 3. Nc3 Bb4 4. Nf3 c5 5. e3 b6 6. Be2 Bb7 7. O-O Bxc3 8. bxc3
O-O 9. Rb1 Ne4 10. Qc2 d6 11. Ba3 Nd7 12. Rfd1 Qe7 13. d5 f5 14. Ne1 e5 15. f3
Ng5 16. Bf1 Rf6 17. Bc1 Nf8 18. e4 f4 19. g4 h5 20. h4 Ngh7 21. g5 Rg6 22. Rd2
Nxg5 23. hxg5 Rxg5+ 24. Rg2 Rg3 25. Rxg3 fxg3 26. Bh3 Ng6 27. Ng2 Rf8 28. Qe2
h4 29. Bd2 Bc8 30. Bxc8 Rxc8 31. Qe3 h3 32. Qg5 Qxg5 33. Bxg5 Rf8 34. Rf1 Nf4
35. Nxf4 exf4 36. Be7 Rf7 37. Bxd6 g5 38. e5 g4 39. e6 h2+ 40. Kg2 gxf3+ 41.
Kxf3 $4 (41. Rxf3 41... Rh7 { } 42. Rf1 (42. Kh1 g2+ 43. Kxg2 h1=Q+) 42... f3+
43. Kxg3 ({The White King is just a little worse placed after} 43. Kxf3 43...
h1=Q+ 44. Rxh1 Rxh1 45. Be7) 43... h1=Q 44. Rxh1 44... Rxh1 { } 45. Be7 {
and Black can't stop d-Pawn from queening} 45... Re1 46. d6 Rxe6 47. d7) 41...
Rh7 42. Rh1 Rg7 43. Be5 g2 44. Rxh2 g1=Q 45. Bxg7 Qxh2 46. Be5 Qg3+ 47. Ke4
Qe3+ 48. Kf5 f3 49. d6 f2 50. Kf6 {WHITE finally RESIGNED } 50... f1=Q+ 51. Ke7
Qxe5 52. d7 Qff6+ 53. Ke8 Qexe6# 1-0

[Event "UOP-Excaliburs"]
[Site "?"]
[Date "2002.05.18"]
[Round "3.6"]
[White "Lechnick, Jay"]
[Black "Weitz, Ron"]
[Result "1/2-1/2"]
[WhiteElo "1764"]
[BlackElo "1640"]
[PlyCount "122"]
[EventDate "2002.??.??"]

1. e4 c5 2. Nf3 d6 3. d4 cxd4 4. Nxd4 a6 5. Nc3 Nf6 6. Bg5 g6 7. Qd2 Nc6 8. Be2
Qa5 9. Nb3 Qc7 10. h4 h6 11. Bf4 Bg7 12. f3 Be6 13. Nc5 Nh5 14. Nxe6 fxe6 15.
Bh2 O-O-O 16. Bc4 Kb8 17. Bxe6 Nf6 18. Bg1 Rhf8 19. Na4 Nd7 20. Bxd7 Qxd7 21.
Nb6 Qe6 22. c3 d5 23. Qe2 d4 24. cxd4 Nxd4 25. Bxd4 Bxd4 26. Nd5 Qd6 27. O-O-O
Rc8+ 28. Kb1 e5 29. Qd2 Rc5 30. Rc1 Rfc8 31. Rxc5 Rxc5 32. Rc1 Rb5 33. Rc2 Qd8
34. Qxh6 Qa5 35. Qd2 Qa3 36. Nc3 Bxc3 37. Rxc3 Qa5 38. Rd3 Qb6 39. a3 Ka7 40.
Rd6 Rxb2+ 41. Qxb2 Qxd6 42. Qf2+ Ka8 43. Kb2 Qd3 44. Qc2 Qb5+ 45. Ka2 Qe8 46.
Qc3 Qe6+ 47. Kb2 Qb6+ 48. Ka2 Qf2+ 49. Qb2 Qc5 50. Qe2 Qc6 51. Qd3 Qb6 52. Qd2
Qe6+ 53. Kb2 Qb6+ 54. Ka2 Qe6+ 55. Qd5 Qe8 56. Kb3 Qe7 57. Qg8+ Ka7 58. Qxg6
Qc5 59. Qg8 Qe3+ 60. Kc2 Qe2+ 61. Kb3 Qd3+ 1/2-1/2

[Event "Knights-Aces"]
[Site "?"]
[Date "2002.05.18"]
[Round "3.1"]
[White "Fridman, Yuri"]
[Black "Benesa, Arnulfo"]
[Result "0-1"]
[WhiteElo "2081"]
[BlackElo "2224"]
[PlyCount "89"]
[EventDate "2002.??.??"]

1. e4 c5 2. Nf3 d6 3. d4 cxd4 4. Nxd4 Nf6 5. Nc3 a6 6. Bc4 e6 7. Bb3 b5 8. a3
Qc7 9. Be3 Nc6 10. Nxc6 Qxc6 11. f3 Bb7 12. O-O Be7 13. Qd4 O-O 14. Rad1 Nd7
15. Bf2 Rfd8 16. Qe3 Bf6 17. Bg3 Ne5 18. Bxe5 Bxe5 19. Rd3 Bf6 20. Rfd1 Be7 21.
Ne2 Qc7 22. Kh1 Bf6 23. c3 a5 24. Qd2 Be7 25. Nd4 Ba6 26. Qf4 Qd7 27. Qg4 Kh8
28. f4 b4 29. Rh3 h6 30. f5 e5 31. Nf3 Bf6 32. Qh5 Rf8 33. g4 Be2 34. Re1 Bxf3+
35. Rxf3 Qe7 36. axb4 axb4 37. cxb4 Rab8 38. Bd5 Rxb4 39. b3 Bh4 40. Rc1 Bg5
41. Rd1 Qa7 42. h4 Be7 43. g5 Rd4 44. Rdf1 Rd2 45. f6 0-1

[Event "Aces-Knights"]
[Site "?"]
[Date "2002.05.18"]
[Round "3.2"]
[White "Gazmen, Burt"]
[Black "Thomson, Jim"]
[Result "0-1"]
[WhiteElo "2054"]
[BlackElo "1935"]
[PlyCount "58"]
[EventDate "2002.??.??"]

1. e4 c5 2. Nf3 d6 3. c3 Nf6 4. Be2 Bd7 5. d3 Nc6 6. O-O g6 7. Bg5 Bg7 8. Qc1
O-O 9. h3 Re8 10. Nh4 c4 11. Na3 cxd3 12. Bxd3 Rc8 13. Re1 Ne5 14. Bf1 a6 15.
f4 Nc6 16. f5 Ne5 17. Bf4 Bc6 18. Qb1 b5 19. fxg6 hxg6 20. Nf3 Qb6+ 21. Kh1
Nxf3 22. gxf3 Qf2 23. Bg2 Nh5 24. Be3 Qg3 25. Re2 Be5 26. Qg1 Kg7 27. Rf1 Rh8
28. Nc2 Bd7 29. Nb4 Bxh3 0-1

[Event "Aces-Knights"]
[Site "?"]
[Date "2002.05.18"]
[Round "3.4"]
[White "Allen, H."]
[Black "Augsburger, Len"]
[Result "1/2-1/2"]
[WhiteElo "1947"]
[BlackElo "1732"]
[PlyCount "59"]
[EventDate "2002.??.??"]

1. d4 d5 2. c4 e6 3. Nc3 Nf6 4. Nf3 c6 5. e3 Be7 6. Bd3 O-O 7. O-O c5 8. cxd5
cxd4 9. exd4 Nxd5 10. Nxd5 Qxd5 11. Qe2 Nd7 12. Be4 Qh5 13. Re1 Nf6 14. Bd3 b6
15. Qe5 Bb7 16. Qxh5 Nxh5 17. Be4 Bxe4 18. Rxe4 Nf6 19. Re2 Nd5 20. a3 Rac8 21.
Bg5 Bxg5 22. Nxg5 Rc4 23. Ne4 Rfc8 24. g3 a5 25. Kg2 h6 26. Rd1 Rc2 27. Red2
Kf8 28. Rxc2 Rxc2 29. Rd2 Rxd2 30. Nxd2 1/2-1/2

[Event "Knights-Aces"]
[Site "?"]
[Date "2002.05.18"]
[Round "3.5"]
[White "Balicki, Jeff"]
[Black "Rzezutko, Russ"]
[Result "0-1"]
[WhiteElo "1678"]
[BlackElo "1905"]
[PlyCount "88"]
[EventDate "2002.??.??"]

1. e4 d5 2. exd5 Qxd5 3. d4 Nf6 4. c4 Qd8 5. Be2 Bf5 6. Be3 e6 7. Nf3 Be7 8.
O-O O-O 9. Qb3 Qc8 10. Rd1 c6 11. Nbd2 Nbd7 12. Ne5 h6 13. Rac1 c5 14. Bf3 Rb8
15. Qc3 b6 16. Nc6 Bd8 17. Bf4 Rb7 18. Nxd8 Rxd8 19. Bxb7 Qxb7 20. Qf3 Qa6 21.
Qa3 Qxa3 22. bxa3 cxd4 23. Re1 Nc5 24. Nb3 Nd3 25. Be5 Nxe1 26. Rxe1 d3 27. Nd2
Ne4 28. Rd1 Nxd2 29. Rxd2 Rc8 30. f3 Rxc4 31. Kf2 f6 32. Bb2 h5 33. Ke3 Kf7 34.
Rxd3 Bxd3 35. Kxd3 Rc6 36. Bc3 e5 37. a4 Ke6 38. a3 Kd5 39. g3 f5 40. Bb2 g6
41. h3 a5 42. f4 e4+ 43. Ke3 Rc4 44. Bf6 Rxa4 0-1

[Event "Aces-Knights"]
[Site "?"]
[Date "2002.05.18"]
[Round "3.6"]
[White "Czerniecki, K."]
[Black "Alfonso, Ed"]
[Result "1-0"]
[WhiteElo "1948"]
[BlackElo "1595"]
[PlyCount "64"]
[EventDate "2002.??.??"]

1. e4 c6 2. g3 d5 3. e5 Bf5 4. Nf3 e6 5. Bg2 Na6 6. O-O Nb4 7. d3 c5 8. a3 Nc6
9. Nc3 a6 10. Bd2 Nh6 11. Ne2 Qb6 12. c3 Bxd3 13. Bxh6 Bxe2 14. Qxe2 gxh6 15.
b4 c4 16. a4 Bg7 17. Rfe1 Rd8 18. b5 axb5 19. axb5 Na5 20. Nd4 Ke7 21. Qb2 Ra8
22. Bxd5 exd5 23. Nf5+ Kd7 24. Nxg7 Nb3 25. e6+ fxe6 26. Rad1 Nc5 27. Qe2 Ne4
28. Qxe4 Ra1 29. Rxd5+ exd5 30. Qxd5+ Qd6 31. Qf7+ Kc8 32. Rxa1 Kb8 1-0